España en Rilke / (Record no. 63414)

MARC details
000 -LEADER
campo de control de longitud fija 00658nam a2200217 i 4500
001 - NÚMERO DE CONTROL
campo de control 63414
003 - IDENTIFICADOR DE NÚMERO DE CONTROL
campo de control ES-MaACL
005 - FECHA Y HORA DE LA ÚLTIMA TRANSACCIÓN
campo de control 20260426162553.0
007 - CAMPO FIJO DE DESCRIPCIÓN FÍSICA--INFORMACIÓN GENERAL
campo de control de longitud fija t|
008 - DATOS DE LONGITUD FIJA--INFORMACIÓN GENERAL
campo de control de longitud fija 031210s1966 sp ||||1| spa d
100 1# - ENTRADA PRINCIPAL--NOMBRE DE PERSONA
Nombre de persona Ferreiro Alemparte, Jaime,
Fechas asociadas al nombre 1918-2000
9 (RLIN) 50396
245 10 - MENCIÓN DEL TÍTULO
Título España en Rilke /
Mención de responsabilidad, etc. Jaime Ferreiro Alemparte.
260 ## - PUBLICACIÓN, DISTRIBUCIÓN, ETC.
Lugar de publicación, distribución, etc. Madrid :
Nombre del editor, distribuidor, etc. Taurus,
Fecha de publicación, distribución, etc. [1966]
300 ## - DESCRIPCIÓN FÍSICA
Extensión 479 p., 14 lám. ;
Dimensiones 21 cm.
490 1# - MENCIÓN DE SERIE
Mención de serie Persiles ;
Designación de volumen o secuencia 32
600 17 - PUNTO DE ACCESO ADICIONAL DE MATERIA--NOMBRE DE PERSONA
Nombre de persona Rilke, Rainer Maria,
Fechas asociadas al nombre 1875-1926-
Subdivisión general Crítica e interpretación
9 (RLIN) 165252
830 00 - PUNTO DE ACCESO ADICIONAL DE SERIE-TÍTULO UNIFORME
Título uniforme Persiles ;
Designación de volumen o secuencia 32
9 (RLIN) 236720
852 ## - LOCALIZACIÓN
Ubicación ES-MaACL
Número de control de estantería C-30962
Sublocalización o colección R.70160
942 ## - ELEMENTOS DE ENTRADA SECUNDARIOS (KOHA)
Fuente del sistema de clasificación o colocación Clasificación decimal universal
Holdings
Estatus retirado Estado de pérdida Estado de daño No para préstamo Biblioteca de origen Biblioteca actual Ubicación en estantería Fecha de adquisición Fuente de adquisición Total de préstamos Signatura topográfica completa Código de barras Visto por última vez Precio de reemplazo Tipo de ítem Koha
        Biblioteca del Ateneo de Madrid Biblioteca del Ateneo de Madrid Depósito 2 17/01/2008     C-30962 1066467 23/02/2023 23/02/2023 Libro impreso